Focus Group Meeting 2008 - Real Estate Education : Indusrty perspectives [

Bibliographic Details
Other Authors: Institut Penilaian Negara
Format: Book
Published: Bangi : Institut Penilaian Negara , 2008
Subjects:

MARC

LEADER 00000cam a2200000 7i4500
001 0000022138
005 20080826.0
040 |a INS 
090 0 0 |a VCD 1437 
245 0 0 |a Focus Group Meeting 2008 - Real Estate Education :   |b Indusrty perspectives [  |h cakera video] :   |b 9th April 2008 
260 |a Bangi :   |b Institut Penilaian Negara ,   |c 2008 
300 |a 1 cakera video ( 70 min.) :   |b by., wrn. ;   |c 4 3/4 in. 
650 0 0 |a Education 
650 0 0 |a Real estate 
700 1 |a Institut Penilaian Negara 
999 |a VCD0001437   |b VIDEO CD   |c Media Collection   |e Default branch